[Event "108th ch-NZL"]
[Site "Auckland NZL"]
[Date "2001.01.11"]
[Round "11"]
[White "Krstev,A"]
[Black "Green,P"]
[Result "0-1"]
[WhiteElo "2146"]
[BlackElo "2239"]

1.d4 d5 2.c4 c6 3.Nc3 Nf6 4.Nf3 dxc4 5.a4 Bf5 6.e3 e6 7.Bxc4 Bb4 8.O-O O-O
9.Bd3 Bg6 10.Bxg6 hxg6 11.Ne5 a5 12.Bd2 Nbd7 13.Nxd7 Qxd7 14.Ne2 Bd6 15.Qc2 Rfe8
16.Rad1 Nd5 17.e4 Nb4 18.Qb3 Qc7 19.f4 Rac8 20.Nc3 Red8 21.Be3 Rd7 22.e5 Be7
23.Ne4 Rcd8 24.g4 Nd5 25.f5 gxf5 26.gxf5 Qb6 27.Qxb6 Nxb6 28.fxe6 fxe6 29.b3 c5
30.Ng5 cxd4 31.Bd2 Bxg5 32.Bxg5 Rf8 33.Rxf8+ Kxf8 34.Kf2 Rd5 35.Bf4 Nd7 36.Re1 Nc5
37.Rb1 Nd3+ 38.Kf3 Nxe5+ 39.Ke4 Nd7 40.b4 axb4 41.Rxb4 Nc5+ 42.Kf3 e5 43.Bxe5 Rxe5
44.Rxd4 Kf7 45.h4 Kf6 46.Rc4 Rd5 47.a5 Rd3+ 48.Kg4 Rb3 49.Rf4+ Kg6 50.Rf8 Rb4+
51.Kg3 Ra4 52.h5+ Kh7 53.Rb8 Rxa5 54.Kg4 Rb5 55.Rc8 Nd7  0-1

[Event "Anibal Open"]
[Site "Anibal Open ESP"]
[Date "2001.01.12"]
[Round "5"]
[White "Epishin,V"]
[Black "Felgaer,R"]
[Result "1-0"]
[WhiteElo "2567"]
[BlackElo "2390"]

1.d4 Nf6 2.c4 c6 3.Nc3 d5 4.Nf3 dxc4 5.a4 Bf5 6.Nh4 e6 7.Nxf5 exf5 8.e3 Bb4
9.Bxc4 O-O 10.Qc2 g6 11.O-O Nbd7 12.Ba2 Rc8 13.f3 c5 14.Kh1 Qb6 15.Qf2 Rfe8
16.Bd2 f4 17.Rfd1 fxe3 18.Bxe3 c4 19.Bh6 Bxc3 20.bxc3 Nd5 21.a5 Qc6 22.Qd2 N7f6
23.Bb1 Re6 24.Bc2 Qc7 25.Bf5  1-0

[Event "Troll Masters"]
[Site "Gausdal NOR"]
[Date "2001.01.12"]
[Round "9"]
[White "Harestad,H"]
[Black "Hole,O"]
[Result "1/2-1/2"]
[WhiteElo "2188"]
[BlackElo "2243"]

1.d4 d5 2.Nf3 Nf6 3.c4 c6 4.Nc3 dxc4 5.a4 Bf5 6.e3 e6 7.Bxc4 Bb4 8.O-O O-O
9.Qe2 Bg6 10.Ne5 Nbd7 11.Nxg6 hxg6 12.Rd1 Qa5 13.e4 e5 14.d5 Rfd8 15.Bd2 Rac8
16.dxc6 bxc6 17.Be1 Nc5 18.f3 Qc7 19.Qc2 Qe7 20.Bf2 Ncd7 21.Na2 Bc5 22.b4 Bxf2+
23.Qxf2 c5 24.bxc5  1/2-1/2

[Event "Troll Masters"]
[Site "Gausdal NOR"]
[Date "2001.01.12"]
[Round "9"]
[White "Borchgrevink,H"]
[Black "Parr,E"]
[Result "0-1"]
[WhiteElo "2161"]
[BlackElo "2229"]

1.d4 d5 2.Nf3 Nf6 3.c4 c6 4.Nc3 dxc4 5.a4 Bf5 6.e3 e6 7.Bxc4 Bb4 8.O-O O-O
9.Nh4 Nbd7 10.Nxf5 exf5 11.Qf3 g6 12.Rd1 Nb6 13.Bf1 Nbd5 14.Nxd5 Nxd5 15.Qe2 Re8
16.Qc4 Qa5 17.g3 Re6 18.h4 h5 19.Bg2 a6 20.Rd3 Rd8 21.Rb3 b5 22.Qc2 bxa4
23.Rd3 Nb6 24.b3 axb3 25.Qb1 Qb5 26.Rxb3 a5 27.Ba3 Nd5 28.Bxd5 Qxd5 29.Bxb4 axb4
30.Rxb4 c5 31.Rb5 Qf3 32.Rb8 Ree8 33.Rxd8 Rxd8 34.dxc5 Rd2 35.Qf1 Qc6 36.Rc1 Rd5
37.Qc4 Kg7 38.Qc3+ Kh7 39.Qa5 Rd7 40.Qb6 Qf3 41.Qb3 Qc6 42.Qb8 Kg7 43.Qb2+ Qf6
44.Qb5 Rc7 45.c6 Qd6 46.Kf1 Qe6 47.Ke2 Qa2+ 48.Kd1 Qe6 49.Rc3 Qd6+ 50.Kc2 Kh7
51.Qb6 Kg8 52.Rc4 Kh7 53.Qc5 Qe6 54.Kb3 Qf6 55.Qb6 Qd6 56.Ka4 Qe5 57.f4 Ra7+
58.Kb4 Qb2+ 59.Kc5 Qa3+ 60.Kd4 Qd6+ 61.Kc3 Ra2 62.Rd4 Qa3+ 63.Kc4 Rc2+ 64.Kd5 Qe7
65.c7 Rxc7 66.Rb4 Qd8+ 67.Qd6 Rd7 68.Rb6 Rxd6+ 69.Rxd6 Qe7  0-1

[Event "Belgian Interteams 2000-1"]
[Site "BEL"]
[Date "2001.01.14"]
[Round "12"]
[White "Mohandesi,S"]
[Black "Marcus,J"]
[Result "1/2-1/2"]
[WhiteElo "2299"]
[BlackElo "2292"]

1.d4 d5 2.c4 c6 3.Nf3 Nf6 4.Nc3 dxc4 5.a4 Bf5 6.e3 e6 7.Bxc4 Bb4 8.O-O O-O
9.Ne2 c5 10.Bd2 Bxd2 11.Qxd2 Ne4 12.Qc1 cxd4 13.Nexd4 Nd7 14.Nxf5 exf5 15.Qd1 Qe7
16.a5 Ne5 17.Nxe5 Qxe5 18.Qd5 Qxb2 19.Rab1 Qf6 20.Rxb7 Rad8 21.Rd7 Rxd7 22.Qxd7 Qc3  1/2-1/2

[Event "IM Closed"]
[Site "Martinenc ESP"]
[Date "2001.01.18"]
[Round "11"]
[White "Narciso Dublan,M"]
[Black "Granados Gomez,M"]
[Result "1-0"]
[WhiteElo "2529"]
[BlackElo "2379"]

1.d4 d5 2.c4 c6 3.Nf3 Nf6 4.Nc3 dxc4 5.a4 Bf5 6.Ne5 Nbd7 7.Nxc4 Qc7 8.g3 e5
9.dxe5 Nxe5 10.Bf4 Nfd7 11.Nxe5 Nxe5 12.Bg2 Qa5 13.O-O f6 14.Ne4 Rd8 15.Qc2 Bb4
16.Qb3 Rd4 17.Rfd1 Rxe4 18.Bxe4 Bxe4 19.Rd4 Bd5 20.Qxb4 Qxb4 21.Rxb4 c5 22.Rc1 Nd7
23.a5 Ke7 24.Ra4 g5 25.Be3 b6 26.axb6 axb6 27.Ra7 h5 28.Rd1 Be6 29.f3 Rc8
30.Kf2 b5 31.h4 gxh4 32.gxh4 b4 33.Bf4 Rc6 34.Rg1 Kf7 35.Bh6 Ke7 36.Rg7+ Kd6
37.Ra1 c4 38.Rd1+ Kc7 39.Bf4+ Kc8 40.Re7 b3 41.Re8+ Kb7 42.Rxe6  1-0

[Event "Corus Reserve Gp"]
[Site "Wijk aan Zee NED"]
[Date "2001.01.18"]
[Round "3"]
[White "Oosterom,E"]
[Black "Dalsberg,S"]
[Result "1-0"]
[WhiteElo "2199"]
[BlackElo "2138"]

1.d4 d5 2.c4 c6 3.Nf3 Nf6 4.Nc3 dxc4 5.a4 Bf5 6.Ne5 Nbd7 7.Nxc4 e6 8.f3 Bb4
9.e4 Bxe4 10.fxe4 Nxe4 11.Qf3 Ndf6 12.Bd2 Nxd2 13.Nxd2 Qxd4 14.Nb3 Qe5+ 15.Be2 Nd5
16.O-O O-O 17.Nxd5 exd5 18.Rab1 Rae8 19.Rf2 Re6 20.Bf1 Bd6 21.g3 Rf6 22.Qe2 Rxf2
23.Qxf2 Qe4 24.Re1 Qxa4 25.Nc5 Qb4 26.Nd3 Qa5 27.Qf5 Qc7 28.Bg2 a5 29.Bf3 Rd8
30.Kg2 Qb6 31.Re2 Qd4 32.Nf2 Bc5 33.Qg5 Ra8 34.Qf5 b5 35.Qd7 Qf6 36.Ng4 Qd6
37.Re8+ Rxe8 38.Qxe8+ Qf8 39.Qxc6 h5 40.Ne5 Bd4 41.Nxf7 Bxb2 42.Bxd5 Qb8
43.Ng5+  1-0

[Event "ch-POL Girls U18"]
[Site "Zakopane POL"]
[Date "2001.01.22"]
[Round "7"]
[White "Gorczyca,A"]
[Black "Janiszyn,E"]
[Result "1-0"]
[WhiteElo "2073"]
[BlackElo "2007"]

1.d4 d5 2.c4 c6 3.Nf3 Nf6 4.Nc3 dxc4 5.a4 Bf5 6.Ne5 e6 7.f3 Nbd7 8.e4 Bg6
9.Nxc4 Bb4 10.Be2 Qc7 11.O-O O-O 12.g3 e5 13.dxe5 Nxe5 14.Bf4 Nfd7 15.Kg2 f6
16.Qb3  1-0

[Event "It"]
[Site "Bajmok YUG"]
[Date "2001.02.01"]
[Round "7"]
[White "Ikras,D"]
[Black "Varga,P"]
[Result "0-1"]
[WhiteElo "2175"]
[BlackElo "2464"]

1.d4 d5 2.c4 c6 3.Nc3 Nf6 4.Nf3 dxc4 5.a4 Bf5 6.Ne5 e6 7.Nxc4 Bb4 8.g3 Qd5
9.Qb3 Na6 10.f3 Qxd4 11.Be3 Qd7 12.Rd1 Qe7 13.Bd4 Nc5 14.Qa2 O-O 15.Bg2 Ncd7
16.e4 e5 17.Nxe5 Nxe5 18.exf5 Nxf3+ 19.Kf1 Nxd4 20.Rxd4 Rad8 21.Rxd8 Rxd8
22.Qb3 Rd2 23.Nb1  0-1

[Event "1st Mario Covas"]
[Site "Santos BRA"]
[Date "2001.02.03"]
[Round "6"]
[White "Hoffman,A"]
[Black "Benares,R"]
[Result "1-0"]
[WhiteElo "2473"]
[BlackElo "2276"]

1.d4 d5 2.c4 c6 3.Nf3 Nf6 4.Nc3 dxc4 5.a4 Bf5 6.Nh4 Bd7 7.g3 c5 8.Bg2 cxd4
9.Qxd4 Nc6 10.Qxc4 e6 11.O-O Be7 12.Rd1 Rc8 13.Bg5 O-O 14.Bxc6 Rxc6 15.Qd4 Rd6
16.Qxa7 Bc6 17.Nf3 Nd5 18.Bxe7 Qxe7 19.Ne4 Rdd8 20.Qc5 Ra8 21.Ne5 Qxc5 22.Nxc5 Ra5
23.Rdc1 Nb4 24.Rc4 Na6 25.Ncd3 Bb5 26.Rd4 f6 27.Nd7 e5 28.Rd5 Rxa4 29.Rxa4 Bxa4
30.Nxf8 Kxf8 31.f3 Ke7 32.Ra5 Bc6 33.Kf2 Kd6 34.e4 Nc7 35.Ke3 Bb5 36.f4 h6
37.fxe5+ fxe5 38.Ra1 Bc6 39.Rd1 Ke6 40.Nb4 Bd7 41.Nd3 Bc6 42.Nc5+ Ke7 43.Rc1 Kd6
44.b4 Nb5 45.Nb3 b6 46.Nd2 Na3 47.Rc3 Nb5 48.Nc4+ Ke6 49.Rc1 Nd6 50.Nxb6 Be8
51.Rc7 Bg6 52.Nd5 Bf7 53.b5  1-0

[Event "Belgian Interteams 2000-1"]
[Site "BEL"]
[Date "2001.02.04"]
[Round "8"]
[White "De Haan,E"]
[Black "Sadkowsky,D"]
[Result "1/2-1/2"]
[WhiteElo "2257"]
[BlackElo "2337"]

1.d4 d5 2.c4 c6 3.Nf3 Nf6 4.Nc3 dxc4 5.a4 Bf5 6.e3 e6 7.Bxc4 Bb4 8.O-O O-O
9.Qe2 Nbd7 10.e4 Bg6 11.Bd3 Bh5 12.e5 Nd5 13.Ne4 c5 14.Bg5 Qc7 15.Rfc1 h6
16.Be3 Qd8 17.Ng3 cxd4 18.Bxd4 Nf4 19.Qe4 Nxd3 20.Qxd3 Bxf3  1/2-1/2

[Event "ch-NED semi-finals"]
[Site "Leeuwarder NED"]
[Date "2001.02.10"]
[Round "1.1"]
[White "Ernst,S"]
[Black "Marcus,J"]
[Result "1-0"]
[WhiteElo "2435"]
[BlackElo "2292"]

1.d4 d5 2.c4 c6 3.Nf3 Nf6 4.Nc3 dxc4 5.a4 Bf5 6.Ne5 Nbd7 7.Nxc4 Qc7 8.g3 e5
9.dxe5 Nxe5 10.Bf4 Rd8 11.Qc1 Nfd7 12.Bxe5 Nxe5 13.Qf4 Bd6 14.Qxf5 Nxc4 15.Qe4+ Ne5
16.f4 f5 17.Qe3 O-O 18.fxe5 Bxe5 19.Bg2 f4 20.gxf4 Rxf4 21.Rd1 Rdf8 22.Rd3 Rb4
23.Qc5 Rxb2 24.Nd5 Qb8 25.Ne7+ Kh8 26.Rh3 Rb1+ 27.Kd2 Qd8+ 28.Rd3 Rb2+ 29.Kc1 Qb8
30.Rh3 Rf6 31.Be4 Rh6 32.Rxh6 gxh6 33.Rg1 Rxe2 34.Qxe5+ Qxe5 35.Rg8+  1-0

[Event "Masters"]
[Site "Bunratty IRL"]
[Date "2001.02.18"]
[Round "6"]
[White "Cooper,A"]
[Black "Orr,M"]
[Result "0-1"]
[WhiteElo "2152"]
[BlackElo "2315"]

1.d4 d5 2.c4 c6 3.Nf3 Nf6 4.Nc3 dxc4 5.a4 Bf5 6.Ne5 e6 7.Nxc4 c5 8.Be3 cxd4
9.Qxd4 Nc6 10.Qh4 Ne4 11.Qxd8+ Rxd8 12.Nxe4 Bxe4 13.f3 Bd5 14.Rc1 Bxc4 15.Rxc4 Bb4+
16.Kf2 Rd1 17.g3 Be1+ 18.Kg2 O-O 19.Kh3 Bd2 20.Bc5 Rc8 21.Bg2 Rxh1 22.Bxh1 Na5
23.Rc2 Nb3  0-1

[Event "It"]
[Site "Tel Aviv ISR"]
[Date "2001.02.23"]
[Round "4"]
[White "Gyimesi,Z"]
[Black "Postny,E"]
[Result "1-0"]
[WhiteElo "2564"]
[BlackElo "2432"]

1.d4 d5 2.c4 c6 3.Nf3 Nf6 4.Nc3 dxc4 5.a4 Bf5 6.Ne5 e6 7.f3 Bb4 8.e4 Bxe4
9.fxe4 Nxe4 10.Bd2 Qxd4 11.Nxe4 Qxe4+ 12.Qe2 Bxd2+ 13.Kxd2 Qd5+ 14.Kc2 Na6
15.Nxc4 O-O-O 16.Qe3 c5 17.Be2 Nb4+ 18.Kb3 Nc6 19.Rhd1 Nd4+ 20.Ka2 Qxg2 21.Bd3 Qc6
22.Rac1 Qxa4+ 23.Na3 Qb3+ 24.Kb1 Nc6 25.Qg3 Rd7 26.Qxg7 Rhd8 27.Bc2 Qb4 28.Rxd7 Rxd7
29.Qxh7 Nd4 30.Qg8+ Kc7 31.Qg3+ Kc8 32.Qe3 Rd6 33.Bd1 Nf5 34.Rxc5+ Kb8 35.Qc1 a6
36.Bf3 Nd4 37.Rc4 Qb3 38.Rc3 Qb4 39.Nc2 Nxc2 40.Rxc2 Rd7 41.Rc8+ Ka7 42.Qg1+ Qd4
43.Qxd4+ Rxd4 44.Rc7 Kb6 45.Rxf7 Rh4 46.Rf6 Rxh2 47.Rxe6+ Kc5 48.Bxb7  1-0

[Event "Czech Extra League 2000-1"]
[Site "CZE"]
[Date "2001.02.24"]
[Round "6"]
[White "Drbohlav,F"]
[Black "Meduna,E"]
[Result "0-1"]
[WhiteElo "2266"]
[BlackElo "2489"]

1.d4 d5 2.c4 c6 3.Nf3 Nf6 4.Nc3 dxc4 5.a4 Bf5 6.Ne5 Nbd7 7.Nxc4 Nb6 8.Ne5 e6
9.f3 Nfd7 10.a5 Nxe5 11.axb6 Nd7 12.e4 Bg6 13.Rxa7 Nxb6 14.Rxa8 Qxa8 15.Be2 Bb4
16.O-O O-O 17.Be3 Qa5 18.Qa1 f5 19.Qxa5 Bxa5 20.exf5 exf5 21.Ra1 Bb4 22.Ra7 Rf7
23.Bd1 Re7 24.Kf2 h6 25.Bb3+ Bf7 26.Bxf7+ Kxf7 27.d5 Nxd5 28.Nxd5 cxd5 29.Bd4 Be1+
30.Kf1 Bh4 31.g3 Bf6 32.Bxf6 Kxf6 33.Kf2 g5 34.Ra8 Re6 35.Rc8 Rc6 36.Rd8 Rb6
37.Rxd5 Rxb2+ 38.Ke3 Ke6 39.Ra5 b6 40.Ra6 Kd5 41.h3 Kc5 42.Ra8 Rh2 43.Rf8 Rxh3
44.Rxf5+ Kc4 45.g4 b5 46.Kf2 b4 47.Kg2 Rh4 48.Re5 b3 49.Re4+ Kc3 50.Re3+ Kc2
51.Re5 b2 52.Rc5+ Kb1 53.Ra5 Kc2 54.Rc5+ Kb3 55.Rb5+ Kc3 56.Rb8 h5 57.Rc8+ Kb3
58.Rb8+ Kc2 59.Rc8+ Kb1 60.gxh5 Ka2 61.Rb8 b1=Q 62.Rxb1 Kxb1 63.Kg3 Kc2  0-1

[Event "ch-UKR Women"]
[Site "Kramatorsk UKR"]
[Date "2001.03.01"]
[Round "7"]
[White "Litinskaya,M"]
[Black "Kononenko,T"]
[Result "1-0"]
[WhiteElo "2374"]
[BlackElo "2361"]

1.d4 d5 2.c4 c6 3.Nf3 Nf6 4.Nc3 dxc4 5.a4 Bf5 6.e3 e6 7.Bxc4 Bb4 8.O-O Nbd7
9.Nh4 O-O 10.f3 Qb6 11.e4 Bg6 12.Nxg6 hxg6 13.Be3 e5 14.Rf2 Rad8 15.Rd2 Qa5
16.Rc1 exd4 17.Bxd4 Ne5 18.Be2 Rxd4 19.Rxd4 Bc5 20.Kh1 Bxd4 21.Qxd4 Rd8 22.Qe3 Qb4
23.Rb1 a5 24.h3 Qd4 25.Qxd4 Rxd4 26.Kg1 g5 27.Kf2 Kf8 28.Ke3 c5 29.b3 Ke7
30.g3 Nc6 31.f4 gxf4+ 32.gxf4 Nb4 33.Rb2 Rd8 34.Rd2 Rxd2 35.Kxd2 Nd7 36.Bb5 f6
37.Ne2 Nb6 38.h4 g6 39.Kc3 Nc8 40.Bd3 Nd6 41.e5 Nd5+ 42.Kd2 fxe5 43.fxe5 Nf7
44.Bxg6 Nxe5 45.Be4 Nf6 46.Bxb7 c4 47.Nf4 cxb3 48.Kc3 Nfd7 49.Bd5 Nc5 50.Bxb3 Nf3
51.Ng2 Kd6 52.Bd1 Ne5 53.Nf4 Ne4+ 54.Kd4 Nf6 55.Ng2 Nd5 56.h5 Nc6+ 57.Kc4 Ne5+
58.Kb3 Nf7 59.Bc2 Kc5 60.Be4 Nf6 61.Bg6 Nh6 62.Ne3 Kd4  1-0

[Event "Belgian Interteams 2000-1"]
[Site "BEL"]
[Date "2001.03.04"]
[Round "13"]
[White "Akesson,R"]
[Black "Sadkowsky,D"]
[Result "1/2-1/2"]
[WhiteElo "2467"]
[BlackElo "2337"]

1.Nf3 d5 2.d4 Nf6 3.c4 c6 4.Nc3 dxc4 5.a4 Bf5 6.e3 e6 7.Bxc4 Bb4 8.O-O O-O
9.Nh4 Bg4 10.f3 Bh5 11.g4 Nd5 12.Ng2 Bg6 13.Qb3 Qe7 14.e4 Nb6 15.Be2 c5 16.a5 cxd4
17.axb6 dxc3 18.Rxa7 Nc6 19.Rxa8 Rxa8 20.bxc3 Bc5+ 21.Kh1 Qd8 22.Nf4 Qxb6
23.Qxb6 Bxb6 24.h4 h6 25.Nxg6 fxg6 26.Rd1 Ra1 27.Kg2 Ba5 28.Bd2 Rxd1 29.Bxd1 Nd4
30.Bxh6  1/2-1/2

[Event "ch-BUL Women"]
[Site "Plovdiv BUL"]
[Date "2001.03.20"]
[Round "1"]
[White "Ilieva,H"]
[Black "Velcheva,M"]
[Result "0-1"]
[WhiteElo "2190"]
[BlackElo "2273"]

1.d4 d5 2.Nf3 Nf6 3.c4 c6 4.Nc3 dxc4 5.a4 Bf5 6.e3 e6 7.Bxc4 Bb4 8.O-O O-O
9.Qe2 Nbd7 10.e4 Bg4 11.e5 Nd5 12.Nxd5 cxd5 13.Bd3 f5 14.h3 Bh5 15.g4 Bg6
16.Ng5 Qb6 17.f4 Qxd4+ 18.Qe3 Qxe3+ 19.Bxe3 Bc5 20.Bxc5 Nxc5 21.gxf5 Bxf5
22.Bxf5 Rxf5 23.b4 h6 24.Nf3 Nd3 25.Nd4 Rxf4 26.Nxe6 Rxf1+ 27.Kxf1 Re8 28.Nc5 Nxc5
29.bxc5 Rxe5 30.Rb1 Re7 31.Rd1 Rd7 32.Ke2 Kf7 33.Kd3 d4 34.Rb1 Ke6 35.Rb4 g5
36.Rc4 Kd5 37.Rc1 Rf7 38.Ke2 Rc7 39.Rf1 Kxc5 40.Rf6 Rc6 41.Rf7 Rb6 42.a5 Rb5
43.a6 bxa6 44.Rxa7 Rb6  0-1

[Event "Korchnoi 70"]
[Site "St Petersburg RUS"]
[Date "2001.03.20"]
[Round "3"]
[White "Sakaev,K"]
[Black "Popov,Val"]
[Result "1-0"]
[WhiteElo "2639"]
[BlackElo "2545"]

1.d4 d5 2.c4 c6 3.Nf3 Nf6 4.Nc3 dxc4 5.a4 Bf5 6.Ne5 e6 7.f3 Bb4 8.e4 Bxe4
9.fxe4 Nxe4 10.Bd2 Qxd4 11.Nxe4 Qxe4+ 12.Qe2 Bxd2+ 13.Kxd2 Qd5+ 14.Kc2 Na6
15.Nxc4 O-O 16.Qe5 Rab8 17.a5 f6 18.Qxd5 cxd5 19.Ne3 Nc5 20.b4 Ne4 21.Kb2 Kf7
22.Be2 Rbc8 23.Rac1 f5 24.a6 b6 25.Nc2 e5 26.Na3 Nd6 27.Nb5 Nxb5 28.Bxb5 Ke6
29.Bc6 e4 30.Bb7 Rxc1 31.Rxc1 f4 32.Kc3 Ke5 33.Kd2 f3 34.gxf3 Rxf3 35.Rc7 Rh3
36.Rd7 Rxh2+ 37.Ke1 g5 38.Rxd5+ Kf4 39.Rd7 Rh1+ 40.Kf2 Rh2+ 41.Kf1 Rh1+ 42.Kg2 Re1
43.Kf2 Rb1  1-0

[Event "ch-BUL Women"]
[Site "Plovdiv BUL"]
[Date "2001.03.22"]
[Round "3"]
[White "Plachkinova,T"]
[Black "Velcheva,M"]
[Result "1/2-1/2"]
[WhiteElo "2211"]
[BlackElo "2273"]

1.d4 d5 2.c4 c6 3.Nf3 Nf6 4.Nc3 dxc4 5.a4 Bf5 6.e3 e6 7.Bxc4 Bb4 8.O-O O-O
9.Nh4 Nbd7 10.Nxf5 exf5 11.Qc2 g6 12.Rd1 Qe7 13.h3 a5 14.b3 Nb6 15.Bb2 Rac8
16.Na2 Bd6 17.Qc3 Bc7 18.Nc1 Ne4 19.Qe1 Rfd8 20.Ba3 Qf6 21.Nd3 Nd5 22.Rac1 b6
23.Rc2 Bd6 24.Bxd6 Qxd6 25.Rdc1 Rc7 26.Bxd5 Qxd5 27.Rc4 Rdc8 28.b4 Nd6  1/2-1/2

[Event "54th ch-YUG Women"]
[Site "Herceg Novi YUG"]
[Date "2001.03.25"]
[Round "3"]
[White "Urosevic,M"]
[Black "Vasic,M"]
[Result "0-1"]
[WhiteElo "2069"]
[BlackElo "2096"]

1.d4 d5 2.Nf3 Nf6 3.c4 c6 4.Nc3 dxc4 5.a4 Bf5 6.e3 e6 7.Bxc4 Bb4 8.O-O Nbd7
9.Nh4 O-O 10.Nxf5 exf5 11.Qc2 Nb6 12.Bd3 g6 13.Rd1 Nbd5 14.Na2 Bd6 15.f3 Re8
16.e4 fxe4 17.fxe4 Nxe4 18.Bxe4 Qh4 19.g4 Qxg4+ 20.Bg2 Re2 21.Qxe2 Qxe2 22.Bd2 Ne3
23.Bxe3 Qxe3+ 24.Kf1 Bxh2  0-1

[Event "German Team Cup"]
[Site "Luebeck GER"]
[Date "2001.03.25"]
[Round "2"]
[White "Vaganian,R"]
[Black "Hector,J"]
[Result "0-1"]
[WhiteElo "2641"]
[BlackElo "2532"]

1.Nf3 d5 2.d4 Nf6 3.c4 c6 4.Nc3 dxc4 5.a4 Bf5 6.e3 e6 7.Bxc4 Bb4 8.O-O Nbd7
9.Qe2 Bg4 10.h3 Bxf3 11.Qxf3 O-O 12.Rd1 Rc8 13.Bf1 e5 14.g4 Qa5 15.g5 Nd5
16.Nxd5 cxd5 17.dxe5 Rfd8 18.Bg2 Nc5 19.Rxd5 Rxd5 20.Qxd5 Rd8 21.Qc4 b5 22.Qc2 bxa4
23.Bc6 Qc7 24.Bxa4 Qxe5 25.Bc6 a5 26.Bg2 Qe6 27.e4 Qb3 28.Qe2 Rd1+ 29.Bf1 Nd3
30.Qf3 Qc2 31.e5 Nxc1 32.Rxa5 Bxa5  0-1

[Event "Target Recruitment Masters"]
[Site "Belfast IRL"]
[Date "2001.03.30"]
[Round "2"]
[White "Orr,M"]
[Black "McDonnell,J"]
[Result "1/2-1/2"]
[WhiteElo "2315"]
[BlackElo "2044"]

1.d4 d5 2.c4 c6 3.Nf3 Nf6 4.Nc3 dxc4 5.a4 Bf5 6.Ne5 e6 7.f3 Bb4 8.e4 Bxe4
9.fxe4 Nxe4 10.Bd2 Qxd4 11.Nxe4 Qxe4+ 12.Qe2 Bxd2+ 13.Kxd2 Qd4+ 14.Kc2 Na6
15.Nxc4 O-O 16.Qe5 Qf2+ 17.Be2 Nb4+ 18.Kb3 Nd5 19.Rhc1 Qc5 20.Qd6 Qd4 21.Qe5 Qc5
22.Qd6 Qd4 23.Qe5 Qc5  1/2-1/2

[Event "Open"]
[Site "Bled SLO"]
[Date "2001.03.30"]
[Round "7"]
[White "Kukovec,B"]
[Black "Podkriznik,G"]
[Result "1/2-1/2"]
[WhiteElo "2083"]
[BlackElo "2342"]

1.Nf3 d5 2.d4 Nf6 3.c4 c6 4.Nc3 dxc4 5.a4 Bf5 6.e3 e6 7.Bxc4 Bb4 8.O-O Nbd7
9.Qe2 Bg6 10.Rd1 O-O 11.Bd3 Bh5 12.h3 Qe7 13.g4 Bg6 14.e4 h6 15.Bf4  1/2-1/2

[Event "Wotulo Mem"]
[Site "Jakarta INA"]
[Date "2001.03.30"]
[Round "10"]
[White "Hulak,K"]
[Black "Kosasih,C"]
[Result "1/2-1/2"]
[WhiteElo "2546"]
[BlackElo "2420"]

1.d4 d5 2.Nf3 c6 3.c4 Nf6 4.Nc3 dxc4 5.a4 Bf5 6.e3 e6 7.Bxc4 Nbd7 8.O-O h6
9.Qe2 Ne4 10.Bd3 Nxc3 11.bxc3 Bxd3 12.Qxd3 Bd6 13.e4 O-O 14.e5 Bc7 15.Qe4 Rb8
16.Re1 Re8 17.Qg4 f5 18.Qh3 Qe7 19.g4 Qf7 20.gxf5 Qxf5 21.Qxf5 exf5 22.Nh4 Ba5
23.Re3 f4 24.Rh3 Re6 25.Nf5 Kh7 26.Ba3 Bc7 27.Kh1 Nb6 28.Bc5 Nc4 29.Bxa7 Ra8
30.Bc5 b6 31.Rg1 Rg6 32.Bd6 Rxg1+ 33.Kxg1 Bxd6 34.exd6 Rxa4 35.Rh4 Ra7 36.Rxf4 Rd7
37.d5 cxd5 38.Rd4 g6 39.Ne7 Rxd6 40.Nxd5 b5 41.Kg2 h5 42.Kg3 Kh6 43.f4 Rd7
44.Kf3 Ra7 45.Rd3 Ra2 46.h3 Rh2 47.Ke4 g5 48.f5 Rf2 49.f6 g4 50.Nf4 gxh3
51.Rd8 Rd2 52.Rh8+ Kg5 53.Rxh5+ Kxf6 54.Rxh3 Ke7 55.Nd3 Kd6 56.Rh6+ Kc7  1/2-1/2

[Event "It"]
[Site "Antalya TUR"]
[Date "2001.04.04"]
[Round "5"]
[White "Erdogan,H"]
[Black "Haznedaroglu,K"]
[Result "1-0"]
[WhiteElo "2299"]
[BlackElo "2357"]

1.d4 d5 2.c4 c6 3.Nf3 Nf6 4.Nc3 dxc4 5.a4 Bf5 6.e3 e6 7.Bxc4 Bb4 8.O-O O-O
9.Nh4 Bg4 10.f3 Nd5 11.Qe1 Bh5 12.g4 Bg6 13.Nxg6 hxg6 14.Bd2 Nd7 15.Bb3 Ne7
16.Ne4 Bxd2 17.Qxd2 Nf6 18.Rf2 Ned5 19.Nc5 Qc7 20.Nd3 Rad8 21.Rc1 Qb6 22.Bc4 a5
23.Qe1 Rfe8 24.h4 Nh7 25.Ne5 g5 26.Bd3 g6 27.h5 f6 28.Nxg6 e5 29.dxe5 Nxe3
30.Bb1 fxe5 31.Kh1 Nf6 32.Re2 Ned5 33.Ba2 Kg7 34.Kg2 Qd4 35.Rc4 Qb6 36.Nxe5 Nf4+
37.Rxf4 gxf4 38.h6+ Kh8 39.Ng6+ Kh7 40.Re7+ Rxe7 41.Qxe7+ Kxh6 42.Nh4 Qxb2+
43.Kh3 Rd7 44.Qf8+ Kg5 45.Bf7 Nxg4 46.Qg8+ Kf6 47.Qh8+ Kxf7 48.Qxb2 Nf6 49.Qe5 Nd5
50.Nf5 Kf8 51.Nh6 b5 52.axb5 cxb5 53.Qe6  1-0

[Event "Dos Hermanas Internet KO"]
[Site "ICC INT"]
[Date "2001.04.06"]
[Round "2.1"]
[White "Shipov,S"]
[Black "Rychagov,A"]
[Result "1-0"]
[WhiteElo "2640"]
[BlackElo "2525"]

1.d4 d5 2.c4 c6 3.Nf3 Nf6 4.Nc3 dxc4 5.a4 Bf5 6.Nh4 e6 7.Nxf5 exf5 8.Bg5 Be7
9.e3 O-O 10.Bxc4 Ne4 11.Bxe7 Qxe7 12.O-O Nd7 13.a5 Ndf6 14.a6 b6 15.Rc1 Rac8
16.Qe2 Qb4 17.Rfd1 Rfd8 18.Bd3 Qe7 19.Qf3 g6 20.h3 c5 21.Nb5 cxd4 22.Nxd4 Rxc1
23.Rxc1 Qd6 24.Rd1 Qc7 25.b4 Qc3 26.b5 Nd2 27.Qe2 Nb3 28.Nc6 Rd7 29.Qc2 Nd5
30.Bxf5 Nxe3 31.fxe3 Qxe3+ 32.Kh1 Rxd1+ 33.Qxd1 gxf5 34.Nxa7 Nd2 35.Nc6 Ne4
36.Ne7+  1-0

[Event "It"]
[Site "Antalya TUR"]
[Date "2001.04.07"]
[Round "9"]
[White "Erdogan,H"]
[Black "Atakisi,U"]
[Result "0-1"]
[WhiteElo "2299"]
[BlackElo "2337"]

1.d4 d5 2.c4 c6 3.Nf3 Nf6 4.Nc3 dxc4 5.a4 Bf5 6.e3 e6 7.Bxc4 Bb4 8.O-O O-O
9.Nh4 Bg4 10.f3 Nd5 11.Qe1 Be7 12.fxg4 Bxh4 13.Qd1 Nd7 14.e4 Nxc3 15.bxc3 c5
16.Ba3 Be7 17.d5 Nb6 18.Ba2 exd5 19.exd5 Bd6 20.Rf3 Nd7 21.Bc1 Qc7 22.Rh3 Rfe8
23.Bd2 c4 24.Qf3 Ne5 25.Qe4 g6 26.Qf4 Qb6+ 27.Be3 Nxg4 28.Bxb6 Bxf4 29.Bd4 Be3+
30.Bxe3 Nxe3 31.d6 Rad8 32.Re1 Nf5 33.Rxe8+ Rxe8 34.Bxc4 Nxd6 35.Bd5 Re1+
36.Kf2 Ra1 37.Ke3 Rxa4 38.Kd3 Ra5 39.Bb3 Rg5 40.g3 Nf5 41.Ke4 Rg4+ 42.Kf3 h5
43.Bd5 b6 44.Be4 Nd6 45.Bd3 Kg7 46.Ke3 a5  0-1

[Event "FSIMA April"]
[Site "Budapest HUN"]
[Date "2001.04.07"]
[Round "1"]
[White "Xu Hanbing"]
[Black "Nezar,M"]
[Result "1/2-1/2"]
[WhiteElo "2235"]
[BlackElo "2292"]

1.d4 d5 2.Nf3 Nf6 3.c4 c6 4.Nc3 dxc4 5.a4 Bf5 6.Ne5 e6 7.f3 Bb4 8.e4 Bxe4
9.fxe4 Nxe4 10.Bd2 Qxd4 11.Nxe4 Bxd2+ 12.Qxd2 Qxe5 13.Qe2 O-O 14.Nc3 Nd7
15.O-O-O Rad8 16.Qxc4 Nb6 17.Qe2 Qf4+ 18.Kc2 Nxa4 19.g3 Qb4 20.Nxa4 Qxa4+
21.Kc1 Qa1+ 22.Kc2 Qa4+ 23.Kc1 Rxd1+ 24.Qxd1 Qa1+ 25.Kc2 Qxd1+ 26.Kxd1 Rd8+
27.Kc2 f5 28.Bc4 Kf7 29.Ra1 a6 30.Re1 Rd6 31.Kc3 b5 32.Bf1 c5 33.Bg2 Kf6
34.Bb7 a5 35.b3 Rb6 36.Bg2 a4 37.bxa4 bxa4 38.Ra1 Rb3+ 39.Kc2 Re3 40.Kd2 Rb3
41.Kc2 Rb4 42.Bc6 h5 43.Bxa4 h4 44.Bc6 hxg3 45.hxg3 Rc4+ 46.Kd2 g5 47.Bb5 Rb4
48.Be2 Rb3 49.g4 Rb2+ 50.Ke3 Rb3+ 51.Kf2 Ke5 52.gxf5 exf5 53.Rc1 Kd5 54.Rd1+ Ke5
55.Rc1 Kd6 56.Rd1+ Ke5  1/2-1/2

[Event "ch-City"]
[Site "St Petersburg RUS"]
[Date "2001.04.11"]
[Round "2"]
[White "Ionov,S"]
[Black "Popov,Val"]
[Result "1/2-1/2"]
[WhiteElo "2505"]
[BlackElo "2545"]

1.d4 d5 2.c4 c6 3.Nf3 Nf6 4.Nc3 dxc4 5.a4 Bf5 6.e3 e6 7.Bxc4 Bb4 8.O-O O-O
9.Nh4 Nbd7 10.Nxf5 exf5 11.Bd2 a5 12.Qc2 g6 13.Rfe1 Rc8 14.Rad1 Nb6 15.Bf1 Re8
16.g3 Rc7 17.Qb3 Rd7 18.Bg2 Kg7 19.Nb1 Nbd5 20.Bxb4 Nxb4 21.Nd2 h5 22.Nf3 Rde7
23.Rc1  1/2-1/2

[Event "FSGM April"]
[Site "Budapest HUN"]
[Date "2001.04.13"]
[Round "7"]
[White "Zivanic,M"]
[Black "Almasi,I"]
[Result "1-0"]
[WhiteElo "2403"]
[BlackElo "2424"]

1.d4 d5 2.c4 c6 3.Nf3 Nf6 4.Nc3 dxc4 5.a4 Bf5 6.e3 e6 7.Bxc4 Bb4 8.O-O O-O
9.Nh4 Bg6 10.Nxg6 hxg6 11.f3 Nbd7 12.e4 e5 13.Be3 Qa5 14.Na2 exd4 15.Bxd4 Bc5
16.Kh1 Bxd4 17.Qxd4 Rfd8 18.b4 Qe5 19.Qe3 Nb6 20.Bb3 Rd4 21.Qc3 Rad8 22.a5 Nc8
23.Rae1 Ne7 24.Nc1 Qb5 25.e5 Nh5 26.Na2 Nf4 27.e6 f6 28.Qe3 g5 29.Rb1 Rd2
30.Rg1 Qf5 31.Rbd1 R8d3 32.Qxd2 Rxd2 33.Rxd2 Nfd5 34.Re1 Qf4 35.Rdd1 Kf8
36.Re4  1-0

[Event "Solett Open"]
[Site "Skelleftea SWE"]
[Date "2001.04.14"]
[Round "7"]
[White "Schmitz,Ma"]
[Black "Horn,E"]
[Result "1-0"]
[WhiteElo "2113"]
[BlackElo "2025"]

1.d4 d5 2.c4 c6 3.Nf3 Nf6 4.Nc3 dxc4 5.a4 Bf5 6.e3 e6 7.Bxc4 Bb4 8.O-O O-O
9.Qe2 Bg6 10.Ne5 Nbd7 11.Nxg6 hxg6 12.e4 Nb6 13.e5 Qxd4 14.Bxe6 fxe6 15.exf6 Qxf6
16.Be3 Nd5 17.Ne4 Qe5 18.Bg5 Bd6 19.g3 Nf6 20.Bxf6 gxf6 21.Qg4 Kg7 22.Nxd6 Qxd6
23.Rad1 Qe5 24.Rfe1 Qf5 25.Qxf5 exf5 26.Re7+ Rf7 27.Rxf7+ Kxf7 28.Rd7+ Ke6
29.Rxb7 g5 30.a5 c5 31.a6 Ke5 32.Kg2 f4 33.Kf3 fxg3 34.hxg3 f5 35.Rc7 g4+
36.Ke3 Ke6 37.Rb7 Ke5 38.b3 Kd5 39.Kf4 Ke6 40.Rc7 Kd6 41.Rf7 Ke6 42.Rxf5 Rb8
43.Rxc5 Rb4+ 44.Rc4 Rb6 45.Kxg4 Rxa6 46.f4 Rb6 47.Rc3 Kf6 48.Rc7 a6 49.b4 Kg6
50.Kf3 Kf5 51.g4+ Kg6 52.Kg3 Kh6 53.g5+ Kg6 54.Kg4 Rxb4 55.Rc6+ Kg7 56.Rxa6 Rc4
57.Re6 Kf7 58.Re3 Kg7 59.Kf5 Ra4 60.Re7+ Kf8 61.Re4 Ra1 62.Kf6 Ra6+ 63.Re6 Ra4
64.f5 Ra8 65.g6 Kg8 66.Re7 Ra6+ 67.Kg5 Ra8 68.f6 Rb8 69.Kh6 Rf8 70.f7+  1-0